000
00216nam a2200085Ia 4500
008
120527s9999 xx 000 0 und d
100
_a
Drooyan & Wootoy
245
_a
Elementary algebra for college students
942
_c
BK
999
_c
27836
_d
27836